Kỹ thuật sản xuất giống và nuôi thương phẩm một số đối tượng thủy sản nước ngọt

Cuốn sách đề cập đến những nội dung cơ bản về: Kỹ thuật sản xuất giống và nuôi thương phẩm tôm càng xanh, cá tra, cá ba sa, cá bóng tượng, cá chim nước ngọt, ba ba và kỹ thuật nuôi cá bè, nuôi thâm canh cá ao theo mô hình VAC....

Ausführliche Beschreibung

Gespeichert in:
Bibliographische Detailangaben
Körperschaft: Trung tâm Khuyến ngư Quốc gia
Format: Buch
Sprache:Undetermined
Veröffentlicht: Hà Nội Nông nghiệp 2004
Schlagworte:
Tags: Tag hinzufügen
Keine Tags, Fügen Sie den ersten Tag hinzu!
Thư viện lưu trữ: Trung tâm Học liệu Trường Đại học Cần Thơ
LEADER 01043nam a2200193Ia 4500
001 CTU_127411
008 210402s9999 xx 000 0 und d
082 |a 639.31 
082 |b K600 
110 |a Trung tâm Khuyến ngư Quốc gia 
245 0 |a Kỹ thuật sản xuất giống và nuôi thương phẩm một số đối tượng thủy sản nước ngọt 
245 0 |c Trung tâm Khuyến ngư Quốc gia 
260 |a Hà Nội 
260 |b Nông nghiệp 
260 |c 2004 
520 |a Cuốn sách đề cập đến những nội dung cơ bản về: Kỹ thuật sản xuất giống và nuôi thương phẩm tôm càng xanh, cá tra, cá ba sa, cá bóng tượng, cá chim nước ngọt, ba ba và kỹ thuật nuôi cá bè, nuôi thâm canh cá ao theo mô hình VAC. 
650 |a Freshwater fishes,Fish-culture,Cá nước ngọt 
904 |i Hạ Nguyên 
980 |a Trung tâm Học liệu Trường Đại học Cần Thơ